| 000 | 00513nam a2200217Ia 4500 | ||
|---|---|---|---|
| 008 | 180523s9999 xx 000 0 und d | ||
| 020 | _a0-7360-4410-8 | ||
| 050 | _aMAIN GV 1114.3 | ||
| 050 | _b.B43 2003 | ||
| 100 | _aBeasley, Jerry. | ||
| 245 | 0 | _aMastering karate / | |
| 245 | 0 | _cJerry Beasley. | |
| 260 | _aCanada : | ||
| 260 | _bHuman Kinetics., | ||
| 260 | _c2003 | ||
| 300 | _a175 pages : | ||
| 300 | _billustrations ; | ||
| 300 | _c28 cm. | ||
| 500 | _aIncludes index. | ||
| 650 | _aKarate. | ||
| 999 |
_c356720 _d356720 |
||